000 01902nam0a22003971 4500
001 RU\INGAK2\INFOCOMM_322\NLR\5000173492
005 20260406152128.0
010 _94000 экз.
_bВ пер.
_d10 р.
035 _a(NLR Aleph) 011040638
090 _a11151835
_c11151835
100 _a20130213d1940 |||y0rusy50 ca
101 1 _ager
102 _aRU
105 _ay z||||
200 1 _aZwei Dichtungen
_dДве поэмы
_e"Wladimir Iljitsch Lenin" (1924)
_e"Gut und schön" (1927)
_fNachdichtungen von Hugo Huppert
_zrus
210 _aM.
_c"Meshdunarodnaja kniga"
_d1940
215 _aVIII, 188 с.
_d20
316 _aЭкз. РНБ (246/55): Из Отделения "Библиотека всемирной литературы"
_5NLR: 246/55
320 _aВступ. статья: О. М. Брик. "Поэт-новатор", с. III-VIII
510 1 _6z02790
_aДве поэмы
_zrus
600 1 _aЛенин
_bВ. И.
_f1870-1924
_gВладимир Ильич
_xВ художественной литературе
_2nlr_sh1
620 _aМосква
700 1 _8rus
_7ba
_aMajakovskij
_bV. V.
_f1893-1930
_gVladimir Vladimirovič
_3RU\NLR\AUTH\775762
_9115721
702 1 _aHuppert
_bH.
_gHugo
_4730
702 1 _4570
_8rus
_7ba
_aLenin
_bV. I.
_f1870-1924
_gVladimir Il'ič
_3RU\NLR\AUTH\7781360
_964288
790 1 _8rus
_7ca
_aМаяковский
_bВ. В.
_f1893-1930
_gВладимир Владимирович
_3RU\NLR\AUTH\775761
_9115720
790 1 _4245
_8rus
_7ca
_aЛенин
_bВ. И.
_f1870-1924
_gВладимир Ильич
_3RU\NLR\AUTH\773584
_9113579
801 1 _aRU
_bInfoComm
_c20130213
801 0 _aRU
_bNLR
_gPSBO
830 _aЭкз. "Всемирной лит." описан по карточке каталога Отделения "Б-ка всемирной лит."
852 _aNLR
_jD3/561
852 _aNLR
_j246/55
942 _cBOOK
980 _aNB
980 _aWL